Robinson Crusoe (Record no. 22189)

MARC details
000 -LEADER
campo de control de longitud fija 00700nmc a2200253 a 4500
003 - IDENTIFICADOR DE NÚMERO DE CONTROL
campo de control AR-X00000XO
005 - FECHA Y HORA DE LA ÚLTIMA TRANSACCIÓN
campo de control 20251128212033.0
008 - DATOS DE LONGITUD FIJA--INFORMACIÓN GENERAL
campo de control de longitud fija 207020s2007 ||||||||||||||000 | spa||
020 ## - NÚMERO INTERNACIONAL ESTÁNDAR DEL LIBRO
Número Internacional Estándar del Libro 84-207-3619-9
040 ## - FUENTE DE CATALOGACIÓN
Centro/agencia transcriptor AR-X00000XO
100 1# - ENTRADA PRINCIPAL--NOMBRE DE PERSONA
Nombre de persona Defoe, Daniel
245 10 - MENCIÓN DEL TÍTULO
Título Robinson Crusoe
250 ## - MENCION DE EDICION
Mención de edición 1ª ed. 14 reimp.
260 ## - PUBLICACIÓN, DISTRIBUCIÓN, ETC.
Lugar de publicación, distribución, etc. Buenos Aires
Nombre del editor, distribuidor, etc. Anaya
Fecha de publicación, distribución, etc. 2007
300 0# - DESCRIPCIÓN FÍSICA
Extensión 334 p.
Otros detalles físicos il.
490 #0 - MENCIÓN DE SERIE
Mención de serie Tus libros
500 0# - NOTA GENERAL
Nota general Libros distribuidos por el MECYT en el marco del PROMSE 2007
653 #0 - TÉRMINO DE INDIZACIÓN--NO CONTROLADO
Término no controlado NOVELA DE AVENTURAS
700 1# - ENTRADA AGREGADA--NOMBRE PERSONAL
Nombre de persona Eguía, Martha
Término indicativo de función/relación traductor
700 1# - ENTRADA AGREGADA--NOMBRE PERSONAL
Nombre de persona Pascual, Emilio
Término indicativo de función/relación apéndice
700 1# - ENTRADA AGREGADA--NOMBRE PERSONAL
Nombre de persona Grandville, J.J.
Término indicativo de función/relación ilustrador
942 ## - ELEMENTOS DE ENTRADA SECUNDARIOS (KOHA)
Tipo de ítem Koha Libros
998 ## - INFORMACIÓN DE CONTROL LOCAL (RLIN)
Iniciales del catalogador, CIN (RLIN) alexandra

No items available.